[Event "WYCC 2018 O18"]
[Site "Halkidiki"]
[Date "2018.10.27"]
[Round "8"]
[White "Gholami, Aryan"]
[Black "Giesinger, Elias"]
[Result "1-0"]
[WhiteElo "2493"]
[BlackElo "2131"]
[Annotator "ChessBase"]
[PlyCount "81"]
[EventDate "2018.10.20"]
[EventType "swiss"]
[EventCountry "GRE"]
[SourceTitle "playchess.com"]
[Source "ChessBase"]
[SourceQuality "1"]
[TimeControl "40/5400+30:1800+30"]

1. d4 {[%emt 0:00:00]} Nf6 {[%emt 0:00:00]} 2. Nf3 {[%emt 0:00:14]} e6 {[%emt 0:00:00]} 3. Bf4 {[%emt 0:00:06]} c5 {[%emt 0:00:00]} 4. e3 {[%emt 0:00:05]} cxd4 {[%emt 0:00:06]} 5. exd4 {[%emt 0:00:08]} Be7 {[%emt 0:00:50]} 6. Nbd2 {[%emt 0:00:52]} O-O {[%emt 0:01:38]} 7. h3 {[%emt 0:00:21]} b6 {[%emt 0:00:39]} 8. Bd3 {[%emt 0:00:07]} Bb7 {[%emt 0:01:15]} 9. c3 {[%emt 0:00:19]} d6 {[%emt 0:00:06]} 10. O-O {[%emt 0:00:13]} Nbd7 11. Bh2 {[%emt 0:00:17]} Re8 {[%emt 0:03:01]} 12. Re1 {[%emt 0:01:36]} Bf8 {[%emt 0:02:51]} 13. a4 {[%emt 0:04:01]} a6 {[%emt 0:06:08]} 14. Qe2 {[%emt 0:08:07]} Qc7 {[%emt 0:03:36]} 15. Qf1 {[%emt 0:03:03]} g6 16. Ng5 Qc6 {[%emt 0:04:38]} 17. Nc4 {[%emt 0:04:47]} h6 {[%emt 0:10:27]} 18. Ne4 {[%emt 0:01:15]} Nxe4 {[%emt 0:02:39]} 19. Bxe4 {[%emt 0:00:06]} d5 {[%emt 0:02:42]} 20. Bf3 {[%emt 0:00:08]} Red8 {[%emt 0:11:58]} 21. Ne3 {[%emt 0:11:34]} Nf6 {[%emt 0:01:17]} 22. Be2 {[%emt 0:07:52]} Qc8 {[%emt 0:10:23]} 23. Bd3 Bc6 24. Qe2 {[%emt 0:03:33]} Qb7 {[%emt 0:00:51]} 25. Qf3 {[%emt 0:02:06]} Bg7 {[%emt 0:02:24]} 26. Be5 {[%emt 0:01:05]} Qe7 {[%emt 0:01:46]} 27. Qe2 {[%emt 0:02:46]} Qb7 {[%emt 0:01:50]} 28. Ng4 {[%emt 0:00:44]} Nxg4 {[%emt 0:01:43]} 29. hxg4 {[%emt 0:00:49]} b5 {[%emt 0:04:02]} 30. Bxg7 {[%emt 0:01:27]} Kxg7 {[%emt 0:03:55]} 31. Qe5+ {[%emt 0:00:06]} Kg8 {[%emt 0:03:20]} 32. Re3 {[%emt 0:00:38]} Qe7 {[%emt 0:03:12]} 33. Rh3 {[%emt 0:00:32]} Qg5 {[%emt 0:00:27]} 34. Qh2 {[%emt 0:00:27]} Kg7 {[%emt 0:01:24]} 35. f4 {[%emt 0:00:06]} Qe7 {[%emt 0:02:22]} 36. axb5 {[%emt 0:00:09]} Bxb5 {[%emt 0:00:33]} 37. Bxb5 {[%emt 0:00:06]} axb5 {[%emt 0:00:04]} 38. Rxa8 {[%emt 0:00:05]} Rxa8 {[%emt 0:00:06]} 39. Rxh6 {[%emt 0:00:07]} Ra1+ {[%emt 0:04:49]} 40. Kf2 {[%emt 0:00:00]} Qf6 {[%emt 0:00:00]} 41. Rh8 {[%emt 0:01:31]} 1-0

[Event "WYCC 2018 O18"]
[Site "Halkidiki"]
[Date "2018.10.27"]
[Round "8"]
[White "Costachi, Mihnea"]
[Black "Mitrabha, Guha"]
[Result "1-0"]
[WhiteElo "2484"]
[BlackElo "2352"]
[Annotator "TA"]
[PlyCount "107"]
[EventDate "2018.10.20"]
[EventType "swiss"]
[EventCountry "GRE"]
[SourceTitle "playchess.com"]
[Source "ChessBase"]
[SourceQuality "1"]

{[%evp 16,107,75,67,78,72,106,91,91,70,102,102,100,44,74,64,62,42,46,26,64,12,37,31,26,40,37,10,39,37,68,37,135,132,135,85,204,202,213,226,240,200,167,188,190,209,202,200,248,116,257,212,168,157,219,229,331,341,331,332,489,461,475,408,741,738,847,812,1126,1018,1151,1142,1134,1078,1298,1297,1227,1231,1167,1151,4762,764,764,756,756,756,748,748,733,733,689,676,644,630]} 1. c4 e6 2. Nc3 Bb4 3. e4 b6 4. d4 Bb7 5. Qc2 Bxc3+ (5... c5 6. d5 f5 7. a3 Ba5 8. Bd2 fxe4 9. Nxe4 Bxd2+ 10. Qxd2 Qe7 11. O-O-O Nf6 12. Nc3 O-O 13. Nf3 {1-0 (83) Melkumyan,H (2660)-Lomasov,S (2540) Douglas 2018}) 6. bxc3 {A40: Unusual replies to 1 d4} d6 7. Bd3 Nd7 8. Ne2 Ngf6 9. O-O {LiveBook: 9 Games} O-O 10. f4 e5 11. fxe5 dxe5 12. Bg5 Re8 13. Ng3 $146 ({Predecessor:} 13. Rae1 h6 14. Bh4 a5 {1-0 (38) Harazinska,E (1682)-Rudnik,A (1682) Olsztyn 2013}) 13... h6 14. Bd2 (14. Bh4 $16) 14... Nf8 15. d5 Bc8 16. Rf3 Bg4 17. Rf2 Nh5 18. Nf1 (18. Nxh5 $14 Bxh5 19. c5) 18... Qd6 19. Ne3 Bd7 20. g3 $36 {[%mdl 2048] White is pushing.} Nh7 21. Be2 N5f6 22. h4 c6 23. g4 b5 ({Black should try} 23... Nf8 $14) 24. Rg2 $16 {Threatens to win with g5.} g5 25. Rf1 bxc4 (25... gxh4 $16 {is a better defense.} 26. cxb5 cxb5) 26. Nxc4 $18 Qc5+ 27. Be3 Qf8 28. hxg5 hxg5 29. Rh2 Rac8 30. d6 Qg7 31. Bxa7 Ra8 {[#]} 32. Bc5 (32. Bb6 $1 $18 {and the rest is easy.}) 32... Be6 (32... Nxg4 $16 {might work better.} 33. Bxg4 Bxg4) 33. a4 Nd7 34. Be3 Nhf8 (34... Reb8 $16 35. Rhf2 Qh6) 35. a5 f6 (35... Rec8 $142 36. Ra1 Nh7) 36. Rb1 Qf7 37. Qa4 Ng6 (37... Ra6 {was necessary.} 38. Nd2 Raa8) 38. Rb7 Nf4 39. Bf1 Bxg4 (39... Reb8 $142) 40. Qxc6 {White is clearly winning.} Reb8 41. a6 {[%cal Ba5a6,Ba6b7][%mdl 32]} Qe8 42. Nb6 Rxb7 43. axb7 Rb8 44. Qc8 Nxb6 45. Qxe8+ Rxe8 46. Bxb6 Rb8 47. Ba6 Be2 48. Bc7 (48. Rxe2 $142 Nxe2+ 49. Bxe2 Rxb7 50. Bc7) 48... Bxa6 49. Bxb8 Bxb7 {KRB-KBN} 50. d7 Ne6 {[#]} 51. Bc7 $1 {[%mdl 512]} Bxe4 (51... Nxc7 52. d8=Q+) 52. d8=Q+ Nxd8 53. Bxd8 Kf7 54. Rf2 {Precision: White = 65%, Black = 25%.} 1-0

[Event "WYCC 2018 O18"]
[Site "Halkidiki"]
[Date "2018.10.27"]
[Round "8"]
[White "Radovanovic, Mihajlo"]
[Black "Janik, Igor"]
[Result "1/2-1/2"]
[WhiteElo "2466"]
[BlackElo "2453"]
[Annotator "TA"]
[PlyCount "76"]
[EventDate "2018.10.20"]
[EventType "swiss"]
[EventCountry "GRE"]
[SourceTitle "playchess.com"]
[Source "ChessBase"]
[SourceQuality "1"]

{[%evp 20,76,69,55,79,70,95,109,126,113,139,120,139,127,107,88,176,82,200,204,197,182,184,192,228,226,238,230,238,240,277,156,147,152,146,0,0,0,0,0,0,0,18,18,96,96,128,0,99,0,0,-3,-8,-10,0,0,0,0,0]} 1. d4 Nf6 2. c4 g6 3. Nf3 Bg7 4. g3 O-O 5. Bg2 c5 6. Nc3 cxd4 7. Nxd4 Nc6 8. c5 {A38: Symmetrical English vs ...g6: 4 Bg2 Bg7 5 Nf3 Nf6} (8. O-O Qa5 9. e3 d6 10. h3 Bd7 11. Qe2 Rfc8 12. Rd1 a6 13. Bd2 Qd8 14. Rac1 Rab8 15. Nxc6 Bxc6 16. e4 Nd7 17. Bg5 h6 18. Be3 {½-½ (41) Ding,L (2778)-Bacrot,E (2718) Liaocheng 2018}) 8... Qa5 9. Nb3 Qa6 10. O-O b6 11. e4 {LiveBook: 3 Games} Ne8 12. Re1 $146 ({Predecessor:} 12. Be3 Rb8 13. Re1 b5 14. Nd5 e5 15. Nc3 Nc7 16. f4 f6 17. Nd5 {1-0 (17) Kurajica,B (2510)-Stanojoski,Z (2426) Pristina 2015}) 12... Nc7 13. Nd5 Ne6 14. cxb6 axb6 15. Be3 Bxb2 16. Rb1 Bg7 17. f4 $1 (17. Nxb6 $6 Rb8 $11) 17... Qxa2 (17... Qa3 $16) 18. f5 (18. e5 $18 {and White stays clearly on top. Black must now prevent Ra1.} Qa6 19. Ra1 (19. Bxb6 Rb8 $16)) 18... Nc5 (18... Ba6 $16 {keeps fighting.}) 19. f6 $1 $18 {[%cal Rf6g7]} exf6 {White should prevent ...Nxb3.} 20. Bxc5 (20. Nxb6 $6 Nxb3 21. Nxa8 Qxa8 $16) 20... bxc5 21. Ra1 Qxa1 22. Nxa1 Ne5 23. Nc2 Bb7 24. Nce3 Ra3 25. Ng4 (25. Ne7+ $1 $18 Kh8 26. Qc1) 25... Bxd5 $16 26. Nxe5 (26. exd5 $6 Nd3 $11) 26... Be6 27. Nxd7 (27. Nd3 $16) 27... Rd8 $36 {[%mdl 2048] Black has the initiative.} 28. Qc1 Ra2 29. Nb6 {Nd5 is the strong threat.} ({Avoid the trap} 29. Qxc5 $2 Rxd7 30. Bf1 Rdd2 $17) 29... Rdd2 30. Bf1 f5 31. e5 Rac2 (31... Bh6 $1 $11) 32. Qa3 $16 Bf8 {[#]} 33. Qa8 (33. Qe3 $1 $16) 33... Kg7 {[#]} (33... c4 $11) 34. Ra1 (34. Na4 $1 $16) 34... c4 $11 {( -> ...Bc5+). The position is equal.} 35. Qc6 Bb4 {Hoping for ...Bc3.} 36. Na4 $1 ({But not} 36. Bxc4 $2 Bc3 $19) 36... Be7 37. Nb6 Bb4 38. Na4 $1 ({Wrong is} 38. Bxc4 $2 Bc3 $19) 38... Be7 {Precision: White = 63%, Black = 36%.} 1/2-1/2

[Event "WYCC 2018 O18"]
[Site "Halkidiki"]
[Date "2018.10.27"]
[Round "8"]
[White "Gumularz, Szymon"]
[Black "Van Foreest, Lucas"]
[Result "1-0"]
[WhiteElo "2441"]
[BlackElo "2499"]
[Annotator "TA"]
[PlyCount "57"]
[EventDate "2018.10.20"]
[EventType "swiss"]
[EventCountry "GRE"]
[SourceTitle "playchess.com"]
[Source "ChessBase"]
[SourceQuality "1"]

{[%evp 14,56,30,28,45,30,32,39,40,34,31,21,26,0,15,6,56,0,0,4,219,195,218,110,287,291,298,297,283,287,277,278,576,560,596,560,701,696,29983,29984,29995,908,776,700,29999]} 1. e4 e6 2. d4 d5 3. exd5 exd5 4. Nf3 Nc6 5. Nc3 Nf6 6. Bd3 {C10: French with 3 Nc3: Unusual Black 3rd moves and 3...dxe4} Bb4 7. O-O O-O 8. h3 {LiveBook: 5 Games. White has an edge.} (8. Ne2 Bg4 9. Ne5 Bh5 10. c3 Bd6 11. f4 Ne7 12. Qc2 Bxe2 13. Qxe2 c5 14. dxc5 Bxc5+ {1-0 (28) Chigaev,M (2577)-Stupak,K (2573) St Petersburg 2018}) 8... Bxc3 9. bxc3 Re8 10. Re1 Rxe1+ 11. Qxe1 h6 $146 ({Predecessor:} 11... Qd6 12. Qe3 Be6 13. Rb1 Na5 {1-0 (50) Laszewicz,P (2103)-Betkowski,A (2063) Szczyrk 2014}) 12. Bf4 Be6 13. Rb1 b6 14. Qe3 {next Bxh6 is good for White.} Ne4 15. Nd2 ({White should try} 15. Re1 $14) 15... Nxc3 $11 16. Rb3 $36 {[%mdl 2048] Black is under pressure.} Ne4 $2 (16... Nxa2 $11 {and Black is okay.} 17. Bb5 Ne7) 17. Nxe4 $18 dxe4 18. Qxe4 Bxb3 $2 (18... Nxd4 $16 19. Qh7+ Kf8) 19. axb3 (19. cxb3 Nxd4 20. Bxc7 f5 $14) 19... Nxd4 {[#]} 20. Bxc7 $1 {[%mdl 512]} f5 {[#]} (20... Qxc7 21. Qxa8+) 21. Qb7 $1 Qc8 22. Qd5+ Kh8 $2 {[#]} (22... Kh7 23. Bg3 (23. Qxd4 Qxc7 24. Bxf5+ Kh8 $17) (23. Bd6 Qc6 $11) 23... Qd8) 23. Be5 $1 {[%cal Re5d4]} Nc6 24. Bb2 ({Stronger than} 24. Bxf5 Qe8 $15) 24... Rb8 25. Qf7 {[%csl Gb2][%cal Rf7g7]} Qf8 26. Qg6 Nd8 27. Bxf5 (27. Bc4 $142 Nf7 28. Bxf7 Qxf7 29. Qxf7 Rb7 30. Qxb7 Kh7 31. Qxg7#) 27... Kg8 {[#]} 28. Ba3 $1 {[%mdl 512]} Nf7 (28... Qxa3 29. Qe8+) 29. Qh7# {Precision: White = 79%, Black = 20%.} 1-0

[Event "WYCC 2018 O18"]
[Site "Halkidiki"]
[Date "2018.10.27"]
[Round "8"]
[White "Fawzy, Adham"]
[Black "Alexiadis, Hristos"]
[Result "0-1"]
[WhiteElo "2439"]
[BlackElo "2263"]
[Annotator "TA"]
[PlyCount "94"]
[EventDate "2018.10.20"]
[EventType "swiss"]
[EventCountry "GRE"]
[SourceTitle "playchess.com"]
[Source "ChessBase"]
[SourceQuality "1"]

{[%evp 20,94,29,28,37,39,29,0,0,0,0,0,0,-4,9,6,32,36,113,108,110,119,122,116,111,114,110,117,125,129,116,110,116,108,111,106,135,100,160,159,144,116,101,77,156,157,142,149,174,176,246,241,330,327,332,317,318,324,306,156,168,137,126,30,35,30,37,-443,-432,-703,-683,-706,-707,-854,-845,-834,-819]} 1. e4 c5 2. Nf3 d6 3. d4 cxd4 4. Nxd4 Nf6 5. Nc3 a6 6. Bg5 Nbd7 7. Qe2 {B94: Sicilian Najdorf: 6 Bg5 Nbd7} h6 8. Bh4 g6 9. f4 e5 (9... Qc7 10. O-O-O Bg7 11. g4 e5 12. fxe5 Nxe5 13. h3 Be6 14. Qf2 Nfd7 {½-½ (26) Carlsen,M (2842)-Svidler,P (2753) Biel 2018}) 10. fxe5 dxe5 11. O-O-O {LiveBook: 87 Games} Qc7 (11... g5 $6 12. Bf2 $16) 12. Nb3 {[%cal Bd4b3,Bb3a5,Ba5c6][%mdl 32]} b5 13. Rxd7 Nxd7 14. Nd5 {[%cal Rd5c7]} Qb8 {[#]} 15. Na5 $146 Bb7 {White must now prevent ...Bxd5.} 16. Qd2 Bxd5 17. Qxd5 Bd6 18. Be2 $1 {[%mdl 1024] White has compensation.} O-O ({Black should try} 18... g5 $1 $14) 19. Rd1 $16 {[%cal Bh1d1,Bd1d3,Bd3h3][%mdl 32]} Bc7 20. Nc6 Nb6 21. Qd2 Qe8 22. Qxh6 {Threatening mate with Bf6.} (22. Ne7+ Kg7 $17) 22... Qxc6 23. Rd3 $1 {[%cal Rd3h3] Threatens to win with Rh3.} Qe6 {And now ...Bd8 would win.} ({Wrong is} 23... Qxe4 $2 24. Bf6 $18) 24. Rh3 $1 {[#]} Qxh3 $1 {[%mdl 512]} 25. gxh3 {White threatens Bf6 and mate.} Bd8 26. Bf2 Rc8 27. h4 $40 {[%cal Bh3h4,Bh4h5][%mdl 160] White has strong attack.} Rc6 28. h5 Rf6 (28... Nc4 $142) 29. Bc5 Re8 30. b3 Nd7 31. Be3 Rfe6 {[#]} ({Black should play} 31... Nf8) 32. hxg6 $1 Rxg6 33. Qh3 Nf6 34. c4 bxc4 (34... Kg7 {is a better defense.}) 35. Bxc4 $18 Kg7 36. Qf5 Rh8 37. Qxe5 Re8 38. Qd6 {Hoping for e5.} Nxe4 39. Qd7 (39. Bd4+ $18 Nf6 40. Qd7) 39... Nd6 $16 40. Bd4+ ({Worse is} 40. Bxa6 Rxe3 41. Qxd8 Rg2 $11) 40... Kf8 41. Bd5 (41. Bc5 $16 {[%csl Gc4][%cal Rd7f7]} Bg5+ 42. Kb2) 41... Bg5+ $11 42. Kd1 Rd8 43. Qa7 $2 {[%mdl 8192] [#]} (43. Qh3 $1 $14 {is the one way to stay ahead.}) 43... Be7 $1 $19 {Black is clearly winning.} 44. Qc7 (44. Qxa6 $142 Nf5 45. Qc4) 44... Nb5 45. Qe5 Bf6 46. Qh5 Nxd4 47. Ke1 Re8+ {Precision: White = 56%, Black = 57%.} 0-1

[Event "WYCC 2018 O18"]
[Site "Halkidiki"]
[Date "2018.10.27"]
[Round "8"]
[White "Parvanyan, Ashot"]
[Black "Nguyen, Thai Dai Van"]
[Result "1-0"]
[WhiteElo "2428"]
[BlackElo "2556"]
[Annotator "TA"]
[PlyCount "73"]
[EventDate "2018.10.20"]
[EventType "swiss"]
[EventCountry "GRE"]
[SourceTitle "playchess.com"]
[Source "ChessBase"]
[SourceQuality "1"]

{[%evp 19,73,11,6,4,10,0,0,0,0,0,0,0,0,-28,-7,-10,-15,-9,-9,-8,-10,-14,-8,-7,-8,-14,13,6,14,18,20,11,79,78,45,68,94,98,195,219,375,373,2010,1935,1456,1452,29976,29977,29967,2025,29991,29992,29997,29997,29997,29998]} 1. Nf3 d5 2. g3 g6 3. Bg2 Bg7 4. d4 c6 5. O-O Nf6 6. Nbd2 O-O 7. c4 Bf5 8. b3 a5 {[%cal Ba7a5,Ba5a4][%mdl 32]} 9. Bb2 a4 {D78: Fianchetto Grünfeld: 6 0-0 c6} 10. e3 Qa5 {LiveBook: 4 Games} 11. Rc1 Nbd7 $146 {The position is equal.} ({Predecessor:} 11... Ne4 12. Nxe4 Bxe4 13. Bc3 Qa6 14. Bb4 Re8 15. Nd2 Bxg2 16. Kxg2 axb3 17. axb3 {½-½ (47) Nikolic,P (2636)-Howell,D (2620) Leiden 2012}) 12. Nh4 Bd3 13. Re1 axb3 14. axb3 Qb4 15. Bc3 Qb6 16. e4 (16. Bh3 {looks sharper.} e6 17. Ng2 g5 18. Nf3 dxc4 19. bxc4 Bxc4 20. Nxg5 Qb5 21. Nf3) 16... dxe4 17. Nxe4 Bxe4 18. Bxe4 Nxe4 19. Rxe4 e6 20. Nf3 Ra3 21. Rb1 Rd8 22. Qc2 c5 23. Rh4 Qa7 24. dxc5 {Threatens to win with Bxg7.} Ra2 25. Rb2 Rxb2 (25... Ra1+ $11 26. Kg2 e5) 26. Qxb2 $16 (26. Bxb2 $2 {is the wrong capture.} Qa2 $19) 26... Bxc3 27. Qxc3 {Black must now prevent Ng5.} Nxc5 {[#]} 28. Qf6 $1 $36 {[%mdl 2048] Black is under strong pressure.} Rd1+ (28... Rf8 $16) 29. Kg2 $18 {White threatens Ng5 and mate.} b6 $2 (29... b5) 30. b4 Na6 $2 (30... Qa1 31. Qxa1 Rxa1 32. bxc5 bxc5) 31. Ng5 h5 {[#]} 32. Nxe6 $1 {[%mdl 512]} fxe6 33. Qxg6+ Qg7 34. Qxh5 (34. Qe8+ $142 Qf8 35. Qxh5 Qf5 36. Qxd1 Qf6 37. Qd7 Qg6 38. Qd8+ Kg7 39. Rf4) 34... Qb7+ 35. Kh3 {White mates.} Rd7 36. Qh8+ Kf7 37. Rf4+ {Precision: White = 72%, Black = 30%.} 1-0

[Event "WYCC 2018 O18"]
[Site "Halkidiki"]
[Date "2018.10.27"]
[Round "8"]
[White "Bronstein, Or"]
[Black "Torres Cueto, Jesus Marcial"]
[Result "1/2-1/2"]
[WhiteElo "2385"]
[BlackElo "2078"]
[Annotator "NA"]
[PlyCount "93"]
[EventDate "2018.10.20"]
[EventType "swiss"]
[EventCountry "GRE"]
[SourceTitle "playchess.com"]
[Source "ChessBase"]
[SourceQuality "1"]
[TimeControl "40/5400+30:1800+30"]

1. c4 {[%emt 0:00:00]} e5 {[%emt 0:02:30]} 2. Nc3 {[%emt 0:00:00]} Nf6 {[%emt 0:00:22]} 3. Nf3 {[%emt 0:00:00]} d6 {[%emt 0:00:07]} 4. g3 g6 {[%emt 0:00:51]} 5. Bg2 {[%emt 0:04:37]} Bg7 {[%emt 0:00:01]} 6. O-O {[%emt 0:02:18]} O-O {[%emt 0:00:21]} 7. d3 {[%emt 0:00:22]} h6 {[%emt 0:01:39]} 8. Rb1 {[%emt 0:00:22]} Nc6 {[%emt 0:02:09]} 9. b4 {[%emt 0:00:26]} Be6 {[%emt 0:04:25]} 10. b5 {[%emt 0:00:48]} Ne7 {[%emt 0:00:06]} 11. Bb2 {[%emt 0:01:15] LiveBook: 8 Games} Qc8 {[%emt 0:02:55]} 12. Re1 {[%emt 0:01:27]} Nh5 {[%emt 0:02:25]} 13. a4 {[%emt 0:09:05]} f5 {[%emt 0:01:06]} 14. e3 {[%emt 0:02:33]} Bf6 $16 {[%emt 0:02:18]} 15. Nd2 {[%emt 0:09:46]} Ng7 {[%emt 0:03:04]} 16. Qc2 {[%emt 0:06:25]} c6 {[%emt 0:02:43]} 17. bxc6 {[%emt 0:02:40]} bxc6 {[%emt 0:01:15]} 18. Ba3 {[%emt 0:00:32]} Qc7 {[%emt 0:01:20]} 19. a5 {[%emt 0:09:33]} Rab8 {[%emt 0:04:39]} 20. Qa4 {[%emt 0:00:28]} e4 {[%emt 0:02:12]} 21. d4 {[%emt 0:00:29]} Bd7 {[%emt 0:01:07]} 22. c5 {[%emt 0:06:02]} d5 {[%emt 0:02:36]} 23. a6 {[%emt 0:00:05]} g5 {[%emt 0:00:09]} 24. Rxb8 {[%emt 0:06:47]} Rxb8 {[%emt 0:00:14]} 25. Rb1 {[%emt 0:00:07]} f4 {[%emt 0:00:45]} 26. Rxb8+ {[%emt 0:00:31]} Qxb8 {[%emt 0:00:04]} 27. Qb3 {[%emt 0:00:09]} Qxb3 {[%emt 0:00:20]} 28. Nxb3 {[%emt 0:00:02]} fxe3 {[%emt 0:01:07]} 29. fxe3 {[%emt 0:00:01]} g4 {[%emt 0:01:16]} 30. Bb4 {[%emt 0:06:14]} Nef5 {[%emt 0:00:59]} 31. Kf2 {[%emt 0:00:09]} Bg5 {[%emt 0:00:12]} 32. Nd1 {[%emt 0:00:08]} Bd8 {[%emt 0:02:45]} 33. Ba5 {[%emt 0:09:32]} Bxa5 {[%emt 0:00:19]} 34. Nxa5 {[%emt 0:00:02]} Kf7 {[%emt 0:01:16]} 35. Nc3 {[%emt 0:00:12]} Ne6 {[%emt 0:00:52]} 36. Na2 {[%emt 0:05:17]} Ne7 {[%emt 0:02:31]} 37. Nb4 {[%emt 0:00:52]} Ng5 {[%emt 0:00:48]} 38. Bf1 {[%emt 0:01:40]} Ke8 {[%emt 0:02:03]} 39. Nb7 {[%emt 0:00:55]} Nf3 {[%emt 0:01:07]} 40. Nd6+ {[%emt 0:00:00]} Kd8 {[%emt 0:00:00]} 41. Nf7+ {[%emt 0:10:11]} Ke8 {[%emt 0:03:46]} 42. Nd6+ {[%emt 0:00:25]} Kd8 {[%emt 0:00:01]} 43. Be2 {[%emt 0:00:26]} Nxh2 {[%emt 0:02:13]} 44. Nf7+ {[%emt 0:03:08]} Ke8 {[%emt 0:00:06]} 45. Nd6+ {[%emt 0:00:51]} Kd8 {[%emt 0:00:28]} 46. Nf7+ {[%emt 0:09:55]} Ke8 {[%emt 0:00:07]} 47. Nd6+ {[%emt 0:00:36]} 1/2-1/2

[Event "WYCC 2018 O18"]
[Site "Halkidiki"]
[Date "2018.10.27"]
[Round "8"]
[White "Muha, Miljenko"]
[Black "Rengifo Blancas, Renzo Jhonathan"]
[Result "1-0"]
[WhiteElo "2365"]
[BlackElo "2123"]
[Annotator "NA"]
[PlyCount "155"]
[EventDate "2018.10.20"]
[EventType "swiss"]
[EventCountry "GRE"]
[SourceTitle "playchess.com"]
[Source "ChessBase"]
[SourceQuality "1"]
[TimeControl "40/5400+30:1800+30"]

1. d4 {[%emt 0:00:00]} d5 {[%emt 0:00:00]} 2. c4 {[%emt 0:00:00]} e6 {[%emt 0:00:00]} 3. Nc3 {[%emt 0:00:00]} c6 {[%emt 0:00:00]} 4. Nf3 {[%emt 0:04:40]} dxc4 {[%emt 0:00:39]} 5. e3 b5 {[%emt 0:00:07]} 6. a4 {[%emt 0:03:11]} Bb4 {[%emt 0:00:13]} 7. Bd2 {[%emt 0:00:23]} a5 {[%emt 0:00:19]} 8. axb5 {[%emt 0:00:21]} Bxc3 {[%emt 0:00:06]} 9. Bxc3 {[%emt 0:00:18]} cxb5 {[%emt 0:00:04]} 10. b3 {[%emt 0:00:07]} Bb7 {[%emt 0:00:18]} 11. bxc4 {[%emt 0:00:09]} b4 {[%emt 0:00:12]} 12. Bb2 {[%emt 0:00:12]} Nf6 {[%emt 0:00:29]} 13. c5 {[%emt 0:03:31]} O-O {[%emt 0:02:10]} 14. Bb5 {[%emt 0:01:50]} Qc7 {[%emt 0:15:53]} 15. h3 $11 {[%emt 0:09:41]} Bc6 {[%emt 0:01:45]} 16. Ba4 {[%emt 0:03:05]} Nbd7 {[%emt 0:10:39]} 17. O-O {[%emt 0:02:16]} Rfb8 {[%emt 0:01:58]} 18. Bxc6 {[%emt 0:16:49]} Qxc6 {[%emt 0:00:06]} 19. Qa4 {[%emt 0:08:48]} Qd5 {[%emt 0:00:54]} 20. Rfd1 {[%emt 0:09:30]} b3 {[%emt 0:19:07]} 21. Nd2 {[%emt 0:03:52]} Rb4 {[%emt 0:02:13]} 22. Qa3 {[%emt 0:00:03]} Rb5 {[%emt 0:11:03]} 23. Rdc1 {[%emt 0:01:12]} Nb8 {[%emt 0:03:48]} 24. Nc4 {[%emt 0:04:55]} Nbd7 {[%emt 0:23:25]} 25. c6 {[%emt 0:10:03]} Qxc6 {[%emt 0:03:29]} 26. Nd6 {[%emt 0:00:32]} Qb6 {[%emt 0:00:16]} 27. Nxb5 {[%emt 0:02:53]} Qxb5 {[%emt 0:00:02]} 28. Rc3 {[%emt 0:02:45]} Ne4 {[%emt 0:01:15]} 29. Rxb3 {[%emt 0:00:28]} Qe2 {[%emt 0:00:13]} 30. f3 {[%emt 0:03:32]} Qf2+ {[%emt 0:00:34]} 31. Kh1 {[%emt 0:00:13]} Ng3+ {[%emt 0:02:44]} 32. Kh2 {[%emt 0:00:02]} Nf5 {[%emt 0:00:08]} 33. e4 {[%emt 0:03:34]} Nxd4 {[%emt 0:00:07]} 34. Bxd4 {[%emt 0:00:42]} Qxd4 {[%emt 0:00:03]} 35. Rd3 {[%emt 0:00:59]} Qe5+ {[%emt 0:00:02]} 36. Kh1 {[%emt 0:00:09]} Nf6 {[%emt 0:00:10]} 37. Qc3 {[%emt 0:00:59]} Qb5 {[%emt 0:01:12]} 38. Rxa5 {[%emt 0:02:30]} Qb1+ {[%emt 0:01:36]} 39. Kh2 {[%emt 0:00:16]} Rf8 {[%emt 0:01:09]} 40. Qd2 {[%emt 0:00:00]} Qb8+ {[%emt 0:00:00]} 41. Kh1 {[%emt 0:05:02]} h6 {[%emt 0:00:59]} 42. Ra1 {[%emt 0:01:32]} Qe5 {[%emt 0:06:17]} 43. Rd1 {[%emt 0:00:45]} Nh5 {[%emt 0:00:28]} 44. Qf2 {[%emt 0:03:17]} Qg5 {[%emt 0:01:34]} 45. Rc3 {[%emt 0:02:15]} Qf4 {[%emt 0:08:12]} 46. g4 {[%emt 0:06:08]} Nf6 {[%emt 0:01:04]} 47. Kg2 {[%emt 0:00:45]} Ra8 {[%emt 0:00:35]} 48. Qc2 {[%emt 0:03:08]} h5 {[%emt 0:02:19]} 49. Rc8+ {[%emt 0:03:16]} Rxc8 {[%emt 0:00:07]} 50. Qxc8+ {[%emt 0:00:05]} Kh7 {[%emt 0:00:02]} 51. Qc2 {[%emt 0:00:41]} Qe5 {[%emt 0:02:42]} 52. Qf2 {[%emt 0:01:56]} g5 {[%emt 0:02:00]} 53. Qd4 {[%emt 0:01:16]} Qf4 {[%emt 0:00:25]} 54. Qd6 {[%emt 0:03:11]} e5 {[%emt 0:09:20]} 55. Qd2 {[%emt 0:00:18]} Qxd2+ {[%emt 0:01:54]} 56. Rxd2 {[%emt 0:00:06]} h4 {[%emt 0:00:48]} 57. Rd5 {[%emt 0:03:18]} Nxd5 {[%emt 0:00:36]} 58. exd5 {[%emt 0:00:02]} Kg7 {[%emt 0:00:08]} 59. Kf2 {[%emt 0:00:18]} Kf6 {[%emt 0:00:18]} 60. Ke3 {[%emt 0:00:04]} Ke7 {[%emt 0:00:05]} 61. Ke4 {[%emt 0:00:14]} Kd6 {[%emt 0:01:28]} 62. Kf5 {[%emt 0:00:10]} Kxd5 {[%emt 0:00:16]} 63. Kxg5 {[%emt 0:00:07]} e4 {[%emt 0:00:49]} 64. fxe4+ {[%emt 0:00:06]} Kxe4 {[%emt 0:00:04]} 65. Kf6 {[%emt 0:01:25]} Kf4 {[%emt 0:00:10]} 66. Kxf7 {[%emt 0:00:15]} Kg3 {[%emt 0:00:05]} 67. g5 {[%emt 0:00:04]} Kxh3 {[%emt 0:00:03]} 68. g6 {[%emt 0:00:05]} Kh2 {[%emt 0:01:56]} 69. g7 {[%emt 0:00:09]} h3 {[%emt 0:00:11]} 70. g8=Q {[%emt 0:00:05]} Kh1 {[%emt 0:00:02]} 71. Qa8+ {[%emt 0:00:06]} Kg1 {[%emt 0:00:33]} 72. Qa1+ {[%emt 0:00:11]} Kg2 {[%emt 0:00:13]} 73. Qb2+ Kg1 {[%emt 0:00:24]} 74. Qc1+ {[%emt 0:00:11]} Kg2 {[%emt 0:00:11]} 75. Qd2+ {[%emt 0:00:05]} Kg1 {[%emt 0:00:04]} 76. Qe1+ {[%emt 0:00:17]} Kg2 {[%emt 0:00:07]} 77. Qe2+ {[%emt 0:00:04]} Kg3 {[%emt 0:00:22]} 78. Qf1 {[%emt 0:00:12]} 1-0